000 01152cas a22002055 4500
001 L158937
008 090623c2015 xxkar p 0 a0eng u
022 1 _a1752-8720
_l1759-3360
035 _a(Sirsi) u158937
041 0 _aeng
110 2 _aRoyal Institution of Chartered Surveyors
_94900
245 0 0 _aInternational student built environment journal
260 _aLondon
_bRICS
_c2015-
362 0 _a2015-
520 _aDedicated to the global student community, this journal aims to provide undergraduates considering careers in the built environment with the very latest developments, both within the various disciplines and the paths to graduate qualification. Articles focus on the range of expertise that RICS offers to students entering the quantity surveying and project management sector, and how the organisation supports industry professionals throughout their careers.
651 4 _aUnited Kingdom
_y
690 _aCAREERS, EDUCATION AND TRAINING-CAREERS IN SURVEYING-CAREERS IN CONSTRUCTION
856 4 8 _uhttps://www.rics.org/uk/news/journals/construction-journal/
_zView the journal free of charge at www.rics.org...
942 _n0
999 _c119412
_d119412